000
00298nam a22001337a 4500
008
170207b xxu||||| |||| 00| 0 eng d
020
_a
9780071790277
041
_a
eng
080
_a
61
100
_a
4
101
_a
SHM
245
_a
CHOOSING MEDICAL SPECIALITY
_c
BRIAN FREEMAN
942
_2
udc
_c
BK
999
_c
4833
_d
4833